MARC

LEADER 00000nam0a2200000 4500
001 297326
005 20231102001009.0
035 |a (RuTPU)RU\TPU\book\322459 
090 |a 297326 
100 |a 20150608d1984 m y0rusy50 ca 
101 0 |a rus 
102 |a LY 
105 |a a j 001zy 
200 1 |a Трудовой коллектив и эффективность управления  |e учебное пособие  |f Э. Э. Следе 
210 |a Рига  |c Изд-во МИПКСНХ ЛатвССР  |d 1984 
215 |a 84 с.  |c ил. 
320 |a Библиогр.: с. 82 
606 1 |a Организация управления  |x Оценка  |2 stltpush  |3 (RuTPU)RU\TPU\subj\47296  |9 66350 
610 1 |a трудовые коллективы 
610 1 |a управление 
610 1 |a эффективность 
610 1 |a руководитель 
610 1 |a стили управления 
610 1 |a рабочее время 
610 1 |a трудовая дисциплина 
610 1 |a учебные пособия 
675 |a 651.01(075.8)  |v 3 
700 1 |a Следе  |b Э. Э.  |g Эгон Эдгарович 
801 1 |a RU  |b 63413507  |c 20150608 
801 2 |a RU  |b 63413507  |c 20180514  |g RCR 
942 |c BK